| 000 | 00659nam a2200217 i 4500 | ||
|---|---|---|---|
| 001 | 125535 | ||
| 003 | ES-MaACL | ||
| 005 | 20230906192641.0 | ||
| 007 | t| | ||
| 008 | 070618s1970 fr |||| | fre d | ||
| 080 | _a16(091) | ||
| 100 | 1 |
_aBlanché, Robert. _9141148 |
|
| 245 | 1 | 3 |
_aLa logique et son histoire _b: d'Aristote á Russel / _cRobert Blanché. |
| 260 |
_aParis : _bLibrairie Armand Colin, _c[1970] |
||
| 300 |
_a366 p. ; _c24 cm. |
||
| 490 | 1 | _aCollection U | |
| 650 | 4 |
_aLógica- _xHistoria. _914695 |
|
| 830 | 0 |
_aCollection U _9186648 |
|
| 852 |
_aES-MaACL _jE-11706 _z. - Biblioteca Jacinto Martínez Lacalle |
||
| 999 |
_c125535 _d125535 |
||